| 000 | 01532nam a2200361 c 4500 | ||
|---|---|---|---|
| 003 | BLK | ||
| 005 | 20181212111715.0 | ||
| 008 | 180409b bul|||||r ||||||| ||bul|| | ||
| 010 | _aKNG00115477000 | ||
| 020 |
_a954-420-238-2 _bиздат.: Медицина и физкултура |
||
| 040 | _aBLK | ||
| 041 |
_aBUL _cBUL |
||
| 080 |
_aИмунотерапия (с използване на микроорганизми и др. - ваксини, имунни серуми, култури от микроорганизми _b615.37 _x _z615.37 |
||
| 100 | 1 |
_aАргирова, Радка Младенова _eпърви автор _9311758 |
|
| 700 | 1 |
_aКомитова, Радка Тодорова _eсъавт. _9375706 |
|
| 139 |
_aАргирова, Радка Младенова и др. _bА 82 |
||
| 245 | 1 | 0 |
_aВаксините _bМинало, настояще и бъдеще _cРадка Младенова Аргирова; съавт. Радка Тодорова Комитова. |
| 257 | _aBGR | ||
| 260 |
_аСофия _bМедицина и физкултура _c2004 _fСофия : Мултипринт |
||
| 300 |
_a104 с. _c21 см |
||
| 380 | _a61 | ||
| 500 | _aБиблиогр. с. 102-103. | ||
| 504 | _a102-103 | ||
| 650 | 4 |
_aИмунотерапия _9157124 |
|
| 650 | 4 |
_aВаксини _9150362 |
|
| 653 | _aимунотерапия | ||
| 653 | _aваксини | ||
| 852 | _aЦб 221149 | ||
| 856 | 4 |
_qpdf _u |
|
| 856 | 4 |
_qpdf _u |
|
| 942 |
_cKNG _n0 _01 |
||
| 944 |
_aCR _c11.10.2004 _kЦветанка_Енчева |
||
| 944 |
_aED _c08.01.2007 _k |
||
| 999 |
_c110154 _d110154 |
||